00610nam a22001937a 450000500170000000800410001702000180005804000210007604100080009708200150010524501160012026000580023630000100029465000190030465000220032365000170034570000280036270000260039020240517051925.0240517b |||||||| |||| 00| 0 eng d a9789393864642 aIN-DiNCcIN-DiNC deng a333.7bSUS aSustainable approach in natural resource management and climate change/ced. by Taj Uddin Khan and Sujit Tewari aGuwahati:bAssam College Teachers Association,c2024. a311p. aClimate change aNatural resources aBiodiversity aKhan, Taj UddineEditor aTewari, SujiteEditor